[Event "Open de Reykjavik"]
[Date "2025.04.09"]
[White "Mensing, Adrian"]
[Black "Yankelevich, Lev"]
[WhiteElo "2078"]
[BlackElo "2413"]
[Round "1.1.43"]
[Result "0-1"]

1. d4 {[%clk 1:30:58]} 1... Nf6 {[%clk 1:30:36]} 2. c4 {[%clk 1:31:08]} 2... e6
{[%clk 1:29:19]} 3. g3 {[%clk 1:31:33]} 3... Bb4+ {[%clk 1:25:59]} 4. Nd2 {[%clk
1:31:56]} 4... O-O {[%clk 1:24:56]} 5. Bg2 {[%clk 1:32:22]} 5... d6 {[%clk
1:25:08]} 6. Nf3 {[%clk 1:32:28]} 6... a5 {[%clk 1:21:34]} 7. a3 {[%clk
1:31:44]} 7... Bxd2+ {[%clk 1:21:46]} 8. Nxd2 {[%clk 1:32:12]} 8... e5 {[%clk
1:17:37]} 9. dxe5 {[%clk 1:27:52]} 9... dxe5 {[%clk 1:18:02]} 10. O-O {[%clk
1:27:59]} 10... Qe7 {[%clk 1:10:11]} 11. Qc2 {[%clk 1:11:41]} 11... Nc6 {[%clk
1:05:57]} 12. Re1 {[%clk 1:07:15]} 12... a4 {[%clk 1:01:43]} 13. Qc3 {[%clk
0:40:20]} 13... Bf5 {[%clk 0:58:00]} 14. e4 {[%clk 0:33:11]} 14... Be6 {[%clk
0:56:48]} 15. Nf1 {[%clk 0:26:56]} 15... Nd4 {[%clk 0:50:05]} 16. Bg5 {[%clk
0:21:21]} 16... h6 {[%clk 0:48:41]} 17. Be3 {[%clk 0:21:37]} 17... Nb3 {[%clk
0:35:30]} 18. Rad1 {[%clk 0:21:25]} 18... Ng4 {[%clk 0:35:08]} 19. h3 {[%clk
0:15:07]} 19... Nxe3 {[%clk 0:35:29]} 20. Nxe3 {[%clk 0:15:32]} 20... Qc5 {[%clk
0:34:12]} 21. Kh2 {[%clk 0:15:06]} 21... Rad8 {[%clk 0:28:16]} 22. f4 {[%clk
0:07:21]} 22... f6 {[%clk 0:26:58]} 23. Nd5 {[%clk 0:06:29]} 23... c6 {[%clk
0:21:28]} 24. fxe5 {[%clk 0:04:30]} 24... cxd5 {[%clk 0:18:10]} 25. exd5 {[%clk
0:04:49]} 25... Bf5 {[%clk 0:18:16]} 26. e6 {[%clk 0:03:15]} 26... Rfe8 {[%clk
0:16:54]} 27. Rf1 {[%clk 0:03:30]} 27... Bh7 {[%clk 0:16:50]} 28. Bf3 {[%clk
0:03:04]} 28... Bg6 {[%clk 0:13:24]} 29. Bg4 {[%clk 0:02:25]} 29... h5 {[%clk
0:10:38]} 30. Be2 {[%clk 0:00:34]} 30... Qd6 {[%clk 0:09:43]} 31. Rf4 {[%clk
0:00:46]} 31... Qe5 {[%clk 0:08:10]} 32. Qxe5 {[%clk 0:00:57]} 32... fxe5 {[%clk
0:08:37]} 33. Rh4 {[%clk 0:01:18]} 33... Bc2 {[%clk 0:04:41]} 34. Rf1 {[%clk
0:01:03]} 34... g6 {[%clk 0:05:09]} 35. Kg2 {[%clk 0:00:31]} 35... Nd4 {[%clk
0:05:27]} 36. Bd1 {[%clk 0:00:34]} 36... Bxd1 {[%clk 0:05:24]} 37. Rxd4 {[%clk
0:00:34]} 37... exd4 {[%clk 0:05:30]} 38. Rxd1 {[%clk 0:01:01]} 38... b5 {[%clk
0:05:34]} 39. Kf3 {[%clk 0:00:37]} 39... bxc4 {[%clk 0:03:15]} 40. Ke4 {[%clk
0:00:46]} 40... d3 {[%clk 0:02:27]} 41. Ke5 {[%clk 0:21:57]} 41... Rb8 {[%clk
0:31:58]} 42. Rd2 {[%clk 0:21:38]} 42... Rb5 {[%clk 0:32:21]} 43. Kd4 {[%clk
0:17:23]} 0-1

[Variant "Standard"]
[Site "Europe Echecs"]

[Event "Open de Reykjavik"]
[Date "2025.04.13"]
[White "Ivanchuk, Vasyl"]
[Black "Maghsoodloo, Parham"]
[WhiteElo "2604"]
[BlackElo "2684"]
[Round "7.7.1"]
[Result "1/2-1/2"]

1. e4 {[%clk 1:30:50]} 1... c5 {[%clk 1:30:24]} 2. Nf3 {[%clk 1:31:13]} 2... d6
{[%clk 1:30:50]} 3. d4 {[%clk 1:31:18]} 3... cxd4 {[%clk 1:31:14]} 4. Nxd4
{[%clk 1:31:45]} 4... Nf6 {[%clk 1:31:37]} 5. f3 {[%clk 1:32:08]} 5... e5 {[%clk
1:30:01]} 6. Nb3 {[%clk 1:32:33]} 6... a5 {[%clk 1:29:16]} 7. Bb5+ {[%clk
1:32:40]} 7... Nc6 {[%clk 1:26:58]} 8. Nc3 {[%clk 1:09:06]} 8... Be7 {[%clk
1:20:58]} 9. Be3 {[%clk 1:07:07]} 9... O-O {[%clk 1:21:18]} 10. O-O {[%clk
1:00:09]} 10... Na7 {[%clk 1:13:50]} 11. Bd3 {[%clk 0:52:33]} 11... Be6 {[%clk
1:08:04]} 12. Qe2 {[%clk 0:50:20]} 12... Nc8 {[%clk 0:58:06]} 13. Nd2 {[%clk
0:38:57]} 13... Nb6 {[%clk 0:53:33]} 14. Nc4 {[%clk 0:38:22]} 14... Nxc4 {[%clk
0:38:24]} 15. Bxc4 {[%clk 0:38:44]} 15... a4 {[%clk 0:38:53]} 16. Rfd1 {[%clk
0:33:56]} 16... Qc8 {[%clk 0:36:23]} 17. Nd5 {[%clk 0:32:30]} 17... Nxd5 {[%clk
0:36:35]} 18. Bxd5 {[%clk 0:32:57]} 18... Bxd5 {[%clk 0:34:05]} 19. Rxd5 {[%clk
0:33:25]} 19... a3 {[%clk 0:31:26]} 20. Rb1 {[%clk 0:31:19]} 20... axb2 {[%clk
0:28:50]} 21. Rxb2 {[%clk 0:31:46]} 21... f5 {[%clk 0:22:42]} 22. exf5 {[%clk
0:25:55]} 22... Rxf5 {[%clk 0:23:03]} 23. Rdb5 {[%clk 0:26:11]} 23... Bf8 {[%clk
0:23:20]} 24. Rxb7 {[%clk 0:21:35]} 24... Qe6 {[%clk 0:15:54]} 25. c4 {[%clk
0:12:35]} 25... e4 {[%clk 0:13:19]} 26. f4 {[%clk 0:12:19]} 26... Rc8 {[%clk
0:09:53]} 27. R7b5 {[%clk 0:07:52]} 27... g6 {[%clk 0:09:03]} 28. Rc2 {[%clk
0:07:04]} 28... Ra8 {[%clk 0:06:03]} 29. h3 {[%clk 0:05:35]} 29... h5 {[%clk
0:05:22]} 30. g4 {[%clk 0:02:25]} 30... hxg4 {[%clk 0:04:37]} 31. Qxg4 {[%clk
0:02:40]} 31... Ra3 {[%clk 0:02:02]} 32. Rg2 {[%clk 0:01:12]} 32... Kf7 {[%clk
0:02:31]} 33. Rb7+ {[%clk 0:01:07]} 33... Ke8 {[%clk 0:03:00]} 34. Re2 {[%clk
0:00:43]} 34... Rc3 {[%clk 0:01:18]} 35. Rb8+ {[%clk 0:00:38]} 35... Kf7 {[%clk
0:00:33]} 36. Qh4 {[%clk 0:00:51]} 36... Rh5 {[%clk 0:00:33]} 37. Qd8 {[%clk
0:01:16]} 37... Qe7 {[%clk 0:00:32]} 38. Qc8 {[%clk 0:01:20]} 38... Kg8 {[%clk
0:00:37]} 39. Kg2 {[%clk 0:00:38]} 39... Qf7 {[%clk 0:00:37]} 40. c5 {[%clk
0:00:34]} 40... Rf5 {[%clk 0:00:33]} 41. Qe8 {[%clk 0:03:46]} 41... Qxe8 {[%clk
0:28:32]} 42. Rxe8 {[%clk 0:04:15]} 42... d5 {[%clk 0:29:01]} 43. Rc8 {[%clk
0:03:10]} 43... Kh7 {[%clk 0:26:32]} 44. c6 {[%clk 0:01:22]} 44... g5 {[%clk
0:21:19]} 45. fxg5 {[%clk 0:00:50]} 45... Bc5 {[%clk 0:21:43]} 46. Bxc5 {[%clk
0:00:41]} 46... Rxg5+ {[%clk 0:22:08]} 47. Kh2 {[%clk 0:00:34]} 47... Rxc5
{[%clk 0:22:33]} 48. Rg2 {[%clk 0:00:38]} 48... Rxg2+ {[%clk 0:13:40]} 49. Kxg2
{[%clk 0:01:08]} 49... d4 {[%clk 0:14:08]} 50. c7 {[%clk 0:00:41]} 50... Rc2+
{[%clk 0:14:12]} 51. Kg3 {[%clk 0:00:54]} 51... e3 {[%clk 0:14:41]} 52. Rd8
{[%clk 0:00:37]} 52... Rxc7 {[%clk 0:13:00]} 53. Rxd4 {[%clk 0:01:02]} 53... Rc2
{[%clk 0:13:22]} 54. Ra4 {[%clk 0:00:41]} 54... Kg6 {[%clk 0:12:15]} 55. Ra5
{[%clk 0:00:55]} 55... Rf2 {[%clk 0:12:13]} 56. h4 {[%clk 0:00:49]} 56... Rf1
{[%clk 0:10:26]} 57. Re5 {[%clk 0:01:14]} 57... Ra1 {[%clk 0:10:52]} 58. Re6+
{[%clk 0:01:36]} 58... Kg7 {[%clk 0:11:06]} 59. Re7+ {[%clk 0:01:59]} 59... Kh6
{[%clk 0:11:11]} 60. Re6+ {[%clk 0:02:19]} 60... Kg7 {[%clk 0:11:40]} 61. Rxe3
{[%clk 0:02:43]} 61... Rxa2 {[%clk 0:12:06]} 1/2-1/2

[Variant "Standard"]
[Site "Europe Echecs"]

[Event "Open de Reykjavik"]
[Date "2025.04.13"]
[White "Prraneeth Vuppala"]
[Black "Stefansson, Vignir Vatnar"]
[WhiteElo "2433"]
[BlackElo "2536"]
[Round "7.7.8"]
[Result "1-0"]

1. e4 {[%clk 1:30:06]} 1... d6 {[%clk 1:30:51]} 2. d4 {[%clk 1:29:56]} 2... Nf6
{[%clk 1:31:15]} 3. Nc3 {[%clk 1:29:19]} 3... e5 {[%clk 1:31:08]} 4. dxe5 {[%clk
1:26:50]} 4... dxe5 {[%clk 1:31:30]} 5. Qxd8+ {[%clk 1:27:13]} 5... Kxd8 {[%clk
1:31:55]} 6. Bc4 {[%clk 1:27:34]} 6... Ke8 {[%clk 1:32:02]} 7. f4 {[%clk
1:27:09]} 7... Bb4 {[%clk 1:28:57]} 8. Bd3 {[%clk 1:26:14]} 8... Nbd7 {[%clk
1:26:16]} 9. Nf3 {[%clk 1:18:05]} 9... exf4 {[%clk 1:18:58]} 10. Bxf4 {[%clk
1:25:57]} 10... c6 {[%clk 1:17:36]} 11. O-O {[%clk 1:19:21]} 11... Nc5 {[%clk
1:06:57]} 12. Be5 {[%clk 1:03:43]} 12... Be6 {[%clk 1:00:46]} 13. a3 {[%clk
0:56:42]} 13... Nxd3 {[%clk 0:50:15]} 14. cxd3 {[%clk 0:56:58]} 14... Be7 {[%clk
0:50:37]} 15. h3 {[%clk 0:49:26]} 15... Nd7 {[%clk 0:43:54]} 16. Bg3 {[%clk
0:49:48]} 16... Nb6 {[%clk 0:38:31]} 17. d4 {[%clk 0:37:31]} 17... Rd8 {[%clk
0:38:30]} 18. Rfe1 {[%clk 0:37:16]} 18... f6 {[%clk 0:34:00]} 19. a4 {[%clk
0:36:32]} 19... Nc4 {[%clk 0:31:48]} 20. d5 {[%clk 0:31:28]} 20... Bf7 {[%clk
0:24:26]} 21. b3 {[%clk 0:28:37]} 21... Na5 {[%clk 0:16:44]} 22. e5 {[%clk
0:21:44]} 22... fxe5 {[%clk 0:09:55]} 23. Bxe5 {[%clk 0:21:19]} 23... cxd5
{[%clk 0:09:16]} 24. Bc7 {[%clk 0:09:44]} 24... Nxb3 {[%clk 0:09:40]} 25. Bxd8
{[%clk 0:10:10]} 25... Kxd8 {[%clk 0:10:06]} 26. Rab1 {[%clk 0:09:30]} 26... d4
{[%clk 0:10:10]} 27. Nb5 {[%clk 0:05:49]} 27... Bc5 {[%clk 0:09:39]} 28. Ng5
{[%clk 0:05:44]} 28... Bc4 {[%clk 0:08:36]} 29. Ne6+ {[%clk 0:05:47]} 29... Bxe6
{[%clk 0:07:49]} 30. Rxe6 {[%clk 0:06:16]} 30... Na5 {[%clk 0:06:10]} 31. Re5
{[%clk 0:04:49]} 31... b6 {[%clk 0:06:36]} 32. Rd5+ {[%clk 0:04:14]} 32... Ke7
{[%clk 0:06:39]} 33. Re1+ {[%clk 0:03:34]} 33... Kf6 {[%clk 0:07:05]} 34. Nxd4
{[%clk 0:03:13]} 34... Rf8 {[%clk 0:03:38]} 35. Kh2 {[%clk 0:02:05]} 35... Nc4
{[%clk 0:02:55]} 36. Rd7 {[%clk 0:01:45]} 36... Ne5 {[%clk 0:02:55]} 37. Rxa7
{[%clk 0:01:55]} 37... Re8 {[%clk 0:02:41]} 38. Rf1+ {[%clk 0:02:03]} 38... Kg6
{[%clk 0:03:06]} 39. Nf5 {[%clk 0:02:13]} 39... Bf8 {[%clk 0:03:22]} 40. Nh4+
{[%clk 0:01:57]} 40... Kh6 {[%clk 0:03:31]} 41. Nf5+ {[%clk 0:14:31]} 41... Kg6
{[%clk 0:33:48]} 42. a5 {[%clk 0:14:56]} 42... bxa5 {[%clk 0:33:42]} 43. Ra6+
{[%clk 0:15:17]} 43... Kg5 {[%clk 0:33:58]} 44. Nd4 {[%clk 0:10:50]} 44... Ra8
{[%clk 0:32:11]} 1-0

[Variant "Standard"]
[Site "Europe Echecs"]

[Event "Open de Reykjavik"]
[Date "2025.04.13"]
[White "Unzicker, Ferdinand, Dr."]
[Black "Kilic, Eray"]
[WhiteElo "2241"]
[BlackElo "2473"]
[Round "7.7.21"]
[Result "0-1"]

1. d4 {[%clk 1:30:35]} 1... Nf6 {[%clk 1:30:55]} 2. c4 {[%clk 1:30:50]} 2... e6
{[%clk 1:31:22]} 3. Nc3 {[%clk 1:31:15]} 3... d5 {[%clk 1:31:48]} 4. cxd5 {[%clk
1:31:10]} 4... exd5 {[%clk 1:32:14]} 5. Bg5 {[%clk 1:31:30]} 5... Bb4 {[%clk
1:32:38]} 6. e3 {[%clk 1:31:22]} 6... h6 {[%clk 1:33:04]} 7. Bh4 {[%clk
1:31:48]} 7... g5 {[%clk 1:33:30]} 8. Bg3 {[%clk 1:32:14]} 8... Ne4 {[%clk
1:33:56]} 9. Ne2 {[%clk 1:31:42]} 9... h5 {[%clk 1:34:21]} 10. h4 {[%clk
1:31:32]} 10... Nxg3 {[%clk 1:34:45]} 11. Nxg3 {[%clk 1:31:56]} 11... gxh4
{[%clk 1:35:11]} 12. Nxh5 {[%clk 1:32:12]} 12... c6 {[%clk 1:34:05]} 13. Qf3
{[%clk 1:26:49]} 13... Qg5 {[%clk 1:32:07]} 14. Be2 {[%clk 1:26:45]} 14... Be6
{[%clk 1:31:45]} 15. O-O-O {[%clk 1:19:31]} 15... Nd7 {[%clk 1:31:51]} 16. g3
{[%clk 1:17:17]} 16... h3 {[%clk 1:31:52]} 17. g4 {[%clk 1:16:24]} 17... O-O-O
{[%clk 1:29:01]} 18. Nf4 {[%clk 1:03:11]} 18... Bxc3 {[%clk 1:20:19]} 19. bxc3
{[%clk 1:03:35]} 19... Qe7 {[%clk 1:20:05]} 20. Kb2 {[%clk 1:03:29]} 20... Nf6
{[%clk 1:15:37]} 21. Nxe6 {[%clk 0:57:20]} 21... fxe6 {[%clk 1:15:47]} 22. Rxh3
{[%clk 0:55:40]} 22... Ne4 {[%clk 1:16:05]} 23. Rxh8 {[%clk 0:44:27]} 23... Rxh8
{[%clk 1:16:22]} 24. Qg2 {[%clk 0:42:41]} 24... Qc7 {[%clk 1:16:48]} 25. Rh1
{[%clk 0:42:57]} 25... Qb6+ {[%clk 1:17:13]} 26. Kc1 {[%clk 0:26:16]} 26...
Rxh1+ {[%clk 1:12:12]} 27. Qxh1 {[%clk 0:26:07]} 27... Qa5 {[%clk 1:12:34]} 28.
Qe1 {[%clk 0:24:55]} 28... Qa3+ {[%clk 1:12:38]} 29. Kc2 {[%clk 0:23:55]} 29...
Qxa2+ {[%clk 1:12:49]} 30. Kd3 {[%clk 0:23:58]} 30... c5 {[%clk 1:13:08]} 31.
dxc5 {[%clk 0:23:39]} 31... e5 {[%clk 1:13:33]} 0-1

[Variant "Standard"]
[Site "Europe Echecs"]

[Event "Open de Reykjavik"]
[Date "2025.04.13"]
[White "Mensing, Adrian"]
[Black "Haug, Havard"]
[WhiteElo "2078"]
[BlackElo "2339"]
[Round "7.7.43"]
[Result "0-1"]

1. d4 {[%clk 1:25:22]} 1... Nf6 {[%clk 1:30:12]} 2. c4 {[%clk 1:25:29]} 2... e6
{[%clk 1:30:26]} 3. g3 {[%clk 1:25:40]} 3... d5 {[%clk 1:30:42]} 4. Bg2 {[%clk
1:26:00]} 4... Bb4+ {[%clk 1:31:03]} 5. Nd2 {[%clk 1:26:17]} 5... O-O {[%clk
1:31:20]} 6. Nf3 {[%clk 1:26:38]} 6... b6 {[%clk 1:30:38]} 7. O-O {[%clk
1:26:33]} 7... Bb7 {[%clk 1:30:58]} 8. cxd5 {[%clk 1:26:39]} 8... exd5 {[%clk
1:31:21]} 9. a3 {[%clk 1:26:43]} 9... Bd6 {[%clk 1:29:52]} 10. b4 {[%clk
1:23:24]} 10... Nbd7 {[%clk 1:27:35]} 11. Bb2 {[%clk 1:21:20]} 11... Re8 {[%clk
1:25:46]} 12. Re1 {[%clk 1:20:20]} 12... Qe7 {[%clk 1:22:23]} 13. Nf1 {[%clk
1:15:35]} 13... Ne4 {[%clk 1:16:12]} 14. Rc1 {[%clk 1:08:13]} 14... Ndf6 {[%clk
1:03:20]} 15. Qd3 {[%clk 1:00:02]} 15... Ng4 {[%clk 0:59:21]} 16. Nh4 {[%clk
0:46:23]} 16... Ngxf2 {[%clk 0:57:23]} 17. Qf3 {[%clk 0:46:35]} 17... Bc8 {[%clk
0:55:26]} 18. Ne3 {[%clk 0:42:13]} 18... Nh3+ {[%clk 0:55:03]} 19. Bxh3 {[%clk
0:42:14]} 19... Ng5 {[%clk 0:55:19]} 20. Bxc8 {[%clk 0:38:29]} 20... Nxf3+
{[%clk 0:55:42]} 21. exf3 {[%clk 0:38:54]} 21... Raxc8 {[%clk 0:56:04]} 22. Nhf5
{[%clk 0:36:00]} 22... Qd7 {[%clk 0:56:20]} 0-1

[Variant "Standard"]
[Site "Europe Echecs"]